The Most Secret Locations In The World - Statistics

General Stats
  • This quiz has been taken 24 times
  • The average score is 9 of 16
Answer Stats
Hint Secret Location % Correct
United States military zone commonly thought to have extraterrestrial life Area 51
95%
Nuclear Power Plant Explosion near Pripyat, Ukraine which has been uninhibited since 1986 Chernobyl
91%
Chilean Island with almost 900 Maoi stone statues carved by the Rapa Nui people Easter Island
86%
Country largely consumed by the Gobi Desert, has the worlds lowest population density, 2.24 people/km2 Mongolia
86%
Rainforest and river in Northern South America with many animal and plant species Amazon
82%
Freshwater Lake in Scotland that is the home to the 'creature' real or not, Nessie Loch Ness
68%
Largest Canadian territory with the least people, 0.02 people/km2 Nunavut
68%
U.S. state with 6.05 people/mi2, largely consumed by state parks like Yellowstone Wyoming
68%
Country in southwestern Africa with a population density of 3.74/km2 Namibia
55%
Island of the coast of Brazil with an estimated 5 snakes per square meter Snake Island
55%
Indian Island in the Bay of Bengal with only a cannibalistic tribe which resist outside contact North Sentinel Island
50%
Northernmost town in the U.S.A, with around 4,500 people Utqiagvik
41%
Furthest point away from any land (over 2,688km) in the Southern Pacific Ocean Point Nemo
36%
Russia's most northeastern oblast, with 0.07 people/km2 Chukotka
9%
The official northernmost point of land on Earth, approximately half a mile long Coffee Club Island
5%
Island off the coast of Antarctica, where Shackleton and his crew were stranded but were all saved Elephant Island
5%
No matching quizzes found
Score Distribution
Percent of People with Each Score
Percentile by Number Answered
Your Score History
You have not taken this quiz